| 000 | 00953cam a2200181 4500500 | ||
|---|---|---|---|
| 005 | 20251228094928.0 | ||
| 041 | _afre | ||
| 042 | _adc | ||
| 100 | 1 | 0 |
_aSesé, Bernard _eauthor |
| 245 | 0 | 0 | _aProfil perdu |
| 260 | _c2011. | ||
| 500 | _a54 | ||
| 520 | _aDans un bref entretien avec F. Lévi, António Zambujo fait part de son itinéraire de chanteur, de ses secrets de création et de sa conception de la nostalgie. | ||
| 520 | _aIn a brief interview with F. Lévi, António Zambujo discusses his career as a singer as well as the secrets of his creations and his conception of nostalgia. | ||
| 520 | _aNuma breve entrevista com F. Lévi, António Zambujo partilha o seu itinerário como cantor, revelando alguns segredos das suas composições e a sua concepção da nostalgia. | ||
| 786 | 0 | _nSigila | 27 | 1 | 2011-03-01 | p. 53-53 | 1286-1715 | |
| 856 | 4 | 1 | _uhttps://shs.cairn.info/revue-sigila-2011-1-page-53?lang=fr&redirect-ssocas=7080 |
| 999 |
_c1605091 _d1605090 |
||